Southville International School and Colleges
Your cart is empty.
  • Cart
  • Lists
    Public lists Eva Luna New books Lux_list list_1
    Your lists Log in to create your own lists
  • Log in to your account
  • Your cookies
  • Search history
Southville International School and Colleges
  • Advanced search
  • Recent comments
  • Most popular
  • Libraries

Log in to your account

Log in with GOOGLE


If you do not have an external account, but do have a local account, you can still log in:

  1. Home
  2. MARC view: Splash! /
Normal view MARC view ISBD view

Splash! / (Record no. 104937)

[ view plain ]
MARC details
000 -LEADER
fixed length control field 00462nam a2200169 a 4500
005 - DATE AND TIME OF LATEST TRANSACTION
control field 20140412111331.0
008 - FIXED-LENGTH DATA ELEMENTS--GENERAL INFORMATION
fixed length control field 030317s19uu xx 00 eng d
020 ## - INTERNATIONAL STANDARD BOOK NUMBER
International Standard Book Number 0-02-109591-4
050 ## - LIBRARY OF CONGRESS CALL NUMBER
Classification number BB
Item number Sp51 1995
100 ## - MAIN ENTRY--PERSONAL NAME
Personal name Jonas, Ann
245 ## - TITLE STATEMENT
Title Splash! /
Statement of responsibility, etc by Ann Jonas.
260 ## - PUBLICATION, DISTRIBUTION, ETC. (IMPRINT)
Place of publication, distribution, etc New York :
Name of publisher, distributor, etc Macmillan/McGraw-Hill School Pub. Comp,
Date of publication, distribution, etc 1995.
300 ## - PHYSICAL DESCRIPTION
Extent 26 p. ; ill.
650 ## - SUBJECT ADDED ENTRY--TOPICAL TERM
Topical term or geographic name as entry element Pond life--Fiction
650 ## - SUBJECT ADDED ENTRY--TOPICAL TERM
Topical term or geographic name as entry element Counting--Fiction
Holdings
Withdrawn status Lost status Damaged status Use restrictions Home library Current library Shelving location Date acquired Source of acquisition Total Checkouts Full call number Barcode Date last seen Price effective from Koha item type
        Elizalde Library Elizalde Library Big Books Section 03/17/2003     BB Sp51 1995 E9108 04/12/2014 04/12/2014 Books

Splash! /

APA

Jonas A., . (1995). Splash!. New York: Macmillan/McGraw-Hill School Pub. Comp.

Chicago

Jonas Ann, . 1995. Splash!. New York: Macmillan/McGraw-Hill School Pub. Comp.

Harvard

Jonas A., . (1995). Splash!. New York: Macmillan/McGraw-Hill School Pub. Comp.

MLA

Jonas Ann, . Splash!. New York: Macmillan/McGraw-Hill School Pub. Comp. 1995.

  • Place hold
  • Print
  • Cite
  • Add to your cart (remove)
  • Save record
    BIBTEX Dublin Core MARCXML MARC (non-Unicode/MARC-8) MARC (Unicode/UTF-8) MARC (Unicode/UTF-8, Standard) MODS (XML) RIS
  • More searches
    Search for this title in:
    Other Libraries (WorldCat) Other Databases (Google Scholar) Online Stores (Bookfinder.com) Open Library (openlibrary.org)

Exporting to Dublin Core...

SOUTHVILLE LIBRARY

Southville International School and Colleges Library

1281 Tropical Ave. Cor. Luxembourg St., BF Homes International, Las Pinas City

Tel. No. 8256374 / 252358 Loc. 117/146

Powered by Koha